Felsefe ve eğitim (Record no. 743)

MARC details
000 -BAŞLIK
Sabit Uzunlukta Kontrol Alanı 00550na a2200229 4500
001 - KONTROL NUMARASI
Denetim Alanı 13847
003 - KONTROL NUMARASI IDENTIFIER
Denetim Alanı MIRAKIL
005 - SON İŞLEM TARİHİ VE ZAMANI
Denetim Alanı 20181213154759.0
008 - SABİT-BOY VERİ ELEMANLARI - GENEL BİLGİLER
Sabit Uzunlukta Kontrol Alanı 161025b tu 000 0
020 ## - ULUSLARARASI STANDART KİTAP NUMARASI
Uluslararası Standart Kitap Numarası 9758295039
035 ## - SİSTEM KONTROL NUMARASI
Sistem Kontrol Numarası 13847
040 ## - KATALOGLAMA KAYNAK
Orijinal Kataloglama Ajansı Milas
Kataloglama Dili tur
Metne Dönüştürmek Ajansı TR-AnCHP
082 ## - DEWEY ONLU SINIFLANDIRMA NUMARASI
Sınıflandırma Numarası 102
Ürün Numarası F24f 2000/2
090 ## - SINIFLAMA NUMARASI
Sınıflama Numarası 102 F24f 2000/2
130 ## - ANA GİRİŞ - ÜNİFORM BAŞLIK
Üniforma Başlık Felsefelogos
245 ## - BAŞLIK TABLOSU
Başlık Felsefe ve eğitim
260 ## - YAYIN, DAĞITIM, VB
Yayın, Dağıtım, Vb Yeri İstanbul
Yayıncı, Dağıtıcı, Vs Adı Bulut yayınları
Yayın, Dağıtım, Vb Tarihi 2000
300 ## - FİZİKSEL TANIM
Kapsam 214 s.
Boyutlar 21 sm.
650 ## - KONU KATMA GİRİŞ - TOPİKAL DÖNEM
Topikal Süreli Veya Coğrafi Ad Giriş Elemanı Eğitim
Genel Alt Bölümü Felsefe
650 ## - KONU KATMA GİRİŞ - TOPİKAL DÖNEM
Topikal Süreli Veya Coğrafi Ad Giriş Elemanı Felsefe
942 ## - EKLENDİ GİRİŞ ELEMANLARI (KOHA)
Sınıflandırma Veya Raf Düzeni Kaynak Dewey Decimal Classification
Koha Öğesi Türü Books
999 ## - SİSTEM KONTROL NUMARALARI (KOHA)
Koha Biblionumber 743
Koha Biblioitemnumber 743
Holdings
Kalıcı Konum Mevcut Konum Edinme Tarihi Edinim Kaynak Toplam Check-Out'Lar Tam Çağrı Numarası Barkod Tarih Son Görülme İtibaren Geçerli Fiyatlar Koha Öğesi Türü
CHP Kütüphanesi CHP Kütüphanesi 08/19/2016 Bağış   102 F24f 2000/2 001547 08/19/2016 08/19/2016 Books